Visualizzazione normale
Vista MARC
- Waller Thomas Fats
di Personal Name
Records bibliografici associati: 1
001 - CONTROL NUMBER
- control field: 14672
003 - CONTROL NUMBER IDENTIFIER
- control field: IT-RoPau
005 - DATE AND TIME OF LATEST TRANSACTION
- control field: 20140222205938.0
008 - FIXED-LENGTH DATA ELEMENTS
- fixed length control field: 140222|| aca||aabn | a|a d
040 ## - CATALOGING SOURCE
- Original cataloging agency: IT-RoPau
- Transcribing agency: IT-RoPau
100 ## - HEADING--PERSONAL NAME
- Personal name: Waller Thomas Fats
- Miscellaneous information: Codice autore musica SPICS: 15948
- Relator term: Autore musica
- Name of part/section of a work: Honeysuckle Rose
670 ## - SOURCE DATA FOUND
- Source citation: Work cat.: (IT-RoPau)99785: AA.VV. 794, Monk On Riverside 1955-57, vol. 02